00285nam a22001097a 4500008004100000020001800041082002000059100001800079245003000097260002500127300002300152240729b |||||||| |||| 00| 0 eng d a9789332585515 22nda658.07 BAJ aBajpai, Naval aBusiness Research Methods aIndiabPearsonc2017 axxxvi, 851p.c20cm